[Event "Wroclaw Black Horse op-B 1st"]
[Site "Wroclaw"]
[Date "2023.02.22"]
[Round "9"]
[White "Kulczycka, Zofia"]
[Black "Mackowiak, Szymon"]
[Result "1/2-1/2"]
[WhiteElo "1499"]
[BlackElo "1681"]
[PlyCount "132"]
[EventDate "2023.02.18"]
[EventType "swiss"]
[EventRounds "10"]
[EventCountry "POL"]
[SourceTitle "EXT 2024"]
[Source "ChessBase"]
[SourceDate "2023.10.10"]
[SourceVersion "1"]
[SourceVersionDate "2023.10.10"]
[SourceQuality "1"]

1. e4 c5 2. Nf3 Nc6 3. d4 cxd4 4. Nxd4 g6 5. c4 Nf6 6. Nc3 Nxd4 7. Qxd4 d6 8. Be3 Bg7 9. f3 0-0 10. Qd2 Be6 11. Rc1 Qa5 12. Be2 Nd7 13. 0-0 Rfc8 14. b3 a6 15. Nd5 Qxd2 16. Bxd2 Bd4+ 17. Be3 Bxe3+ 18. Nxe3 Rc5 19. f4 f5 20. Bf3 Rb8 21. exf5 gxf5 22. Nd5 Kf7 23. Rfe1 Nf6 24. b4 Rxc4 25. Rxc4 Nxd5 26. Bxd5 Bxd5 27. Rc7 Be4 28. Rec1 Bc6 29. Re1 Re8 30. Rc1 Ke6 31. Re1+ Kf6 32. Rc1 Rg8 33. g3 h5 34. R1xc6 bxc6 35. Rxc6 Rb8 36. Rxa6 Rxb4 37. a4 h4 38. Kf2 Rb2+ 39. Kg1 hxg3 40. hxg3 Ke6 41. a5 Kd5 42. Ra8 e5 43. fxe5 dxe5 44. a6 Ra2 45. a7 Ke4 46. Kf1 Kf3 47. Ke1 e4 48. Rf8 Ra1+ 49. Kd2 e3+ 50. Kd3 Ra3+ 51. Kc2 Rxa7 52. Rxf5+ Ke2 53. g4 Rc7+ 54. Kb2 Ke1 55. g5 e2 56. g6 Rd7 57. Kc2 Rd2+ 58. Kc1 Rd6 59. g7 Rc6+ 60. Kb2 Rg6 61. Rf7 Kd2 62. Rd7+ Ke3 63. Re7+ Kf2 64. Rf7+ Kg1 65. Re7 Rg2 66. g8Q Rxg8 1/2-1/2

[Event "EU-ch Rapid"]
[Site "Katowice"]
[Date "2021.12.18"]
[Round "6"]
[White "Mackowiak, Szymon"]
[Black "Zylka, Stanislaw"]
[Result "1/2-1/2"]
[WhiteElo "1665"]
[BlackElo "2406"]
[PlyCount "245"]
[EventDate "2021.12.18"]
[EventType "swiss (rapid)"]
[EventRounds "11"]
[EventCountry "POL"]
[SourceTitle "CBM 205 Extra"]
[Source "ChessBase"]
[SourceDate "2022.01.31"]
[SourceVersion "1"]
[SourceVersionDate "2022.01.31"]
[SourceQuality "1"]

1. d4 Nf6 2. c4 g6 3. Nc3 d5 4. cxd5 Nxd5 5. Bd2 Bg7 6. e4 Nxc3 7. Bxc3 c5 8. d5 Bxc3+ 9. bxc3 0-0 10. Nf3 e6 11. Be2 exd5 12. exd5 Qd6 13. 0-0 Nd7 14. a4 Nf6 15. c4 Bd7 16. Qc2 Rfe8 17. Bd3 Bg4 18. Nd2 Qe5 19. Rab1 b6 20. Qb2 Qxb2 21. Rxb2 Be2 22. Bxe2 Rxe2 23. Rfb1 Rae8 24. f3 Kf8 25. Kf1 h5 26. h4 R2e3 27. Rb3 Rxb3 28. Rxb3 Rb8 29. Kf2 Ne8 30. Ne4 Ke7 31. Ke3 f5 32. Nc3 Nd6 33. Kd3 Nf7 34. f4 Kd7 35. Rb1 Re8 36. a5 Nd6 37. axb6 axb6 38. Rxb6 Re3+ 39. Kc2 Rg3 40. Na4 Rxg2+ 41. Kb3 Rg3+ 42. Kc2 Nxc4 43. Nxc5+ Kd8 44. Rb7 Kc8 45. Rg7 Ne3+ 46. Kd2 Nxd5 47. Ne6 Rg4 48. Rg8+ Kb7 49. Rg7+ Kc6 50. Rg8 Kd6 51. Ng7 Nxf4 52. Ne8+ Ke7 53. Nc7 Rxh4 54. Ke3 Rg4 55. Rh8 h4 56. Kf3 Ne6 57. Rh7+ Kd6 58. Ne8+ Ke5 59. Re7 h3 60. Ra7 Nd4+ 61. Kf2 h2 62. Rh7 Re4 63. Kg2 Re2+ 64. Kh1 Ne6 65. Rf7 g5 66. Nf6 g4 67. Nh5 f4 68. Re7 Re1+ 69. Kxh2 Kf5 70. Re8 g3+ 71. Nxg3+ fxg3+ 72. Kxg3 Re3+ 73. Kf2 Ra3 74. Re7 Ng5 75. Re8 Kf4 76. Rf8+ Kg4 77. Rg8 Rb3 78. Rg7 Kf4 79. Ke2 Nf3 80. Re7 Rb2+ 81. Kd3 Ne5+ 82. Kc3 Rb8 83. Rh7 Rc8+ 84. Kd4 Rd8+ 85. Kc3 Ke3 86. Re7 Rc8+ 87. Kb3 Rc5 88. Re8 Kd2 89. Rh8 Nf3 90. Kb4 Rc7 91. Rd8+ Kc2 92. Rf8 Nd4 93. Rh8 Kb2 94. Rh2+ Nc2+ 95. Kb5 Rc3 96. Rg2 Kb3 97. Rg4 Na3+ 98. Kb6 Nc4+ 99. Kb5 Nd6+ 100. Kb6 Rc8 101. Rh4 Nc4+ 102. Kb5 Kc3 103. Rg4 Kd3 104. Rh4 Nd6+ 105. Kb6 Ne4 106. Rh1 Kc4 107. Rc1+ Nc3 108. Kb7 Rc5 109. Rh1 Kb5 110. Rh2 Nd5 111. Rb2+ Nb4 112. Rb1 Rc3 113. Rh1 Kc5 114. Ra1 Nd5 115. Ra5+ Kd6 116. Ra6+ Kd7 117. Rh6 Rb3+ 118. Ka6 Ne7 119. Ka5 Nc6+ 120. Ka4 Rb1 121. Rh7+ Kd6 122. Rh6+ Kc5 123. Rh5+ 1/2-1/2

[Event "EU-ch Amateur Online 1400/1700"]
[Site "Tornelo INT"]
[Date "2021.04.17"]
[Round "5"]
[White "Mackowiak, Szymon"]
[Black "Merkouropoulos, Dionysios"]
[Result "1/2-1/2"]
[WhiteElo "1671"]
[BlackElo "1405"]
[PlyCount "149"]
[EventDate "2021.04.17"]
[EventType "swiss (rapid)"]
[EventRounds "8"]
[EventCountry "NET"]
[SourceTitle "EXT 2023"]
[Source "ChessBase"]
[SourceDate "2022.10.05"]
[SourceVersion "1"]
[SourceVersionDate "2022.10.05"]
[SourceQuality "1"]

1. d4 d5 2. c4 e6 3. Nc3 Be7 4. Nf3 c6 5. cxd5 exd5 6. Bf4 Nf6 7. e3 Bf5 8. Bd3 Bxd3 9. Qxd3 0-0 10. 0-0 Nbd7 11. a3 a5 12. Rfe1 Nb6 13. Nd2 Bd6 14. Bxd6 Qxd6 15. e4 dxe4 16. Ndxe4 Nxe4 17. Rxe4 Rfe8 18. Rae1 Rxe4 19. Nxe4 Qd5 20. Nc3 Qc4 21. Qe4 h6 22. h3 Rd8 23. Rd1 Nd5 24. Nxd5 Qxd5 25. Qe7 c5 26. Rd3 cxd4 27. Qc7 Rd7 28. Qc8+ Kh7 29. Qc2 Qe4 30. f3 Qe1+ 31. Kh2 g6 32. Qc5 Qf2 33. Qb5 Re7 34. Qd5 Qxb2 35. Qxd4 Qxd4 36. Rxd4 Re3 37. a4 Rb3 38. Kg3 Rb4 39. Rd7 Kg7 40. Rc7 Rxa4 41. Rxb7 Ra1 42. Rb6 a4 43. Ra6 a3 44. h4 a2 45. Kh2 g5 46. h5 Kf8 47. Kg3 f5 48. Ra7 Ke8 49. Kh2 Kd8 50. Kg3 Kc8 51. Kh2 Kb8 52. Ra3 Kb7 53. Kg3 Kb6 54. Kh2 Kb5 55. Kg3 Kb4 56. Ra8 Kb3 57. Rb8+ Kc2 58. Rc8+ Kd2 59. Ra8 Ke2 60. Kh2 Kf2 61. Ra6 g4 62. fxg4 f4 63. Ra4 f3 64. gxf3 Kxf3 65. g5 hxg5 66. h6 g4 67. Ra3+ Kf2 68. h7 g3+ 69. Kh3 Rh1+ 70. Kg4 g2 71. Rxa2+ Kf1 72. Ra1+ Kf2 73. Ra2+ Kf1 74. Ra1+ Kf2 75. Ra2+ 1/2-1/2